000 00813nam a2200313 a 4500
003 PILC
005 20150908081157.0
008 040611s19uu xx 00 eng d
020 _a0781756634
020 _a0781737338
050 _aRT 81.5
_b.P64 2004
100 _aPolit, Denise F.
245 _aNursing research:
_bprinciples and methods /
_cDenise F. Polit, Chery Tatano Beck.
250 _a7th edition.
260 _aPhiladelphia :
_bLippincott,
_c2004.
300 _a758 pages :
_billustrations ;
_c24 cm.
650 _aNursing
_xResearch
_xMethodology.
700 _aBeck, Cerl Tatano
942 _cBK
_2lcc
_kFOR
999 _c21467
_d21467